000 00534nam a22002057a 4500
003 bpm
005 20260409110842.0
008 260409b |||||||| |||| 00| j spa d
020 _a9789877302349
024 _aS. C. C. / M. C. y E. M.:
040 _aAR-CtUCP
041 _aspa
080 _aCDU
100 _aSánchez Orlando
245 _aHistoria de los Qom del gran Chaco contadas por sus ancianos
260 _aResistencia
_bContexto
_c2017
650 _aHistoria - Historia Argentina
942 _cLIB
999 _c76627
_d76627